000 00638nam a2200217 4500
003 OSt
005 20240621063729.0
006 a
008 240621b |||||||| |||| 00| 0 eng d
020 _a0273752995
040 _aDWCL-Main lib.
_cOC
082 _2Twelfth edition
_aCirc. 658.3 M741h 2012
100 _aMondy, Wayne R.
245 _aHuman Resource Management /
250 _aTwelfth edition
260 _aBoston :
_bPearson,
_cc2012.
300 _b456 p. : ill. ;
_c28 cm.
504 _aIncludes bibliographical references & index.
650 _a1. Personnel management.
942 _2ddc
_n0
_cBK-CIRC
_eTwelfth edition
_kCirc.
999 _c1076
_d1076